Sainte Jeanne d'Arc: la voie de l'espérance
Gespeichert in:
| 1. Verfasser: | |
|---|---|
| Format: | Buch |
| Sprache: | Französisch |
| Veröffentlicht: |
s.l
Editions de Chiré
2010
|
| Schlagworte: | |
| Tags: |
Tag hinzufügen
Keine Tags, Fügen Sie den ersten Tag hinzu!
|
MARC
| LEADER | 00000nam a2200000 a 4500 | ||
|---|---|---|---|
| 001 | UCG2374 | ||
| 003 | CL-VaPUC | ||
| 008 | 100708e20100200fr |||||||||||||||||fre|d | ||
| 020 | |a 2851901567 | ||
| 082 | 0 | 4 | |a 944.025 |b ALG |2 21 |
| 100 | 0 | |a Algoud, Francois-Marie |e author |9 550871 | |
| 245 | 1 | 0 | |a Sainte Jeanne d'Arc: la voie de l'espérance |
| 300 | |a 79 p | ||
| 942 | |c BK | ||
| 945 | |d 20100708 00:00:00 |a dcastane | ||
| 260 | |a s.l |b Editions de Chiré |c 2010 | ||
| 600 | 0 | 7 | |a JUANA DE ARCO |2 CL-VaPUC |9 442364 |
| 650 | 0 | |a Historia de Francia |9 336927 | |
| 650 | 7 | |a REVOLUCION |2 CL-VaPUC |9 338298 | |
| 650 | 0 | |a Monarquía |9 255259 | |
| 651 | 0 | |a Francia |9 255157 | |
| 999 | |c 341589 |d 341587 | ||
| 583 | |k Rodrigo Vera | ||
| 952 | |0 0 |1 0 |4 0 |6 944_025000000000000_ALG_2010 |7 0 |8 A |9 437200 |a BIBEDU |b BIBEDU |d 2019-11-22 |i 4690699 |o 944.025 ALG 2010 |p 4690699 |r 2019-11-22 |w 2019-11-22 |y BK |k FIL | ||